Psychologie řízení
Salvato in:
| Autore principale: | |
|---|---|
| Natura: | Libro |
| Lingua: | lingua imprecisata |
| Pubblicazione: |
Praha
Státní pedagogické nakladatelství
1982
|
| Accesso online: | Visualizza in OPAC |
| Tags: |
Nessun Tag, puoi essere il primo ad aggiungerne!!
|
MARC
| LEADER | 00000nam a2200000 a 4500 | ||
|---|---|---|---|
| 005 | 20260127134144.0 | ||
| 008 | 160628s1982 xx 0 und c | ||
| 035 | |a vtls001298384 | ||
| 035 | |a SNK000250313 | ||
| 039 | 9 | |a 201606280820 |b VLOAD |c 201405301050 |d VLOAD |c 200903240914 |d mtotk01 |c 200809221133 |d mschk03 |y 200412271826 |z VLOAD | |
| 040 | |a SNK |b slo |c SNK |d STUSCHK1 |e AACR2 | ||
| 100 | 1 | |a Kohl, Josef | |
| 245 | 1 | |a Psychologie řízení | |
| 260 | |a Praha |b Státní pedagogické nakladatelství |c 1982 | ||
| 300 | |a 299 s. | ||
| 910 | |a SCHK95 | ||
| 910 | |a totk | ||
| 999 | |c 5367 |d 5367 | ||